| 000 | 00968nam a2200289 i 4500 | ||
|---|---|---|---|
| 001 | 92642 | ||
| 003 | ES-MaACL | ||
| 005 | 20250815132342.0 | ||
| 007 | t| | ||
| 008 | 050412s1991 fr a |||| | fre d | ||
| 020 | _a2-251-33907-8 | ||
| 080 | _a292.11(0:7)"02" | ||
| 080 | _a75.032(37/38) | ||
| 100 | 1 |
_aFilostrato, Flavio. _950860 |
|
| 245 | 1 | 3 |
_aLa galerie de tableaux / _cPhilostrate ; traduit par Auguste Bougot ; révisé et annoté par François Lissarrague ; préface de Pierre Hadot. |
| 260 |
_aParis : _bLes Belles Lettres, _c1991. |
||
| 300 |
_aXXII, 151 p. : _bil. ; _c21 cm. |
||
| 490 | 1 | _aLa roue a livres | |
| 650 | 4 |
_aMitología griega- _vObras anteriores a 1800. _9152827 |
|
| 650 | 1 | 7 |
_aPintura clásica _2embne _916022 |
| 700 | 1 |
_aBougot, Auguste. _930877 |
|
| 700 | 1 |
_aLissarrague, François. _972546 |
|
| 700 | 1 |
_aHadot, Pierre. _961414 |
|
| 830 | 0 |
_aLa roue a livres _9184235 |
|
| 852 |
_aES-MaACL _jE-10824 |
||
| 999 |
_c92642 _d92642 |
||